| 000 | 00992nam a2200313 a 4500 | ||
|---|---|---|---|
| 001 | 40806 | ||
| 003 | BD-RjUL | ||
| 005 | 20211209053300.0 | ||
| 008 | 160510t19711969nyu b 001 0 eng d | ||
| 035 | _a(BD-RjUL)40921 | ||
| 035 | _a(OCoLC)03006015 | ||
| 035 | _aGLIS00155802 | ||
| 040 |
_aEXQ _cEXQ _dBD-RjUL _beng |
||
| 041 | _aeng | ||
| 082 |
_bKOL 1971 _a338.1973 |
||
| 090 |
_aHD9006 _b.K87 1971 |
||
| 099 | _aHD9006.K87 1971 | ||
| 100 | 1 |
_aKotz, Nick _9125569 |
|
| 245 | 1 | 0 |
_aLet them eat promises : _bthe politics of hunger in America / _cNick Kotz ; with an introd. by George S. McGovern. |
| 260 |
_aGarden City, N.Y. : _bDoubleday, _c1971, c1969. |
||
| 300 |
_axv, 261 p. ; _c18 cm. |
||
| 500 | _aIncludes index. | ||
| 500 | _a"A Doubleday Anchor book." | ||
| 650 | 0 |
_aFood relief _zUnited States. _9125570 |
|
| 650 | 0 |
_aFood supply _zUnited States. _9125571 |
|
| 650 | 0 |
_aDiet _zUnited States. _9125572 |
|
| 650 | 0 |
_aMalnutrition _zUnited States. _9125573 |
|
| 942 |
_2ddc _cBK |
||
| 999 |
_c40806 _d40806 |
||